LEADER 00713nam a2200193 i 4500 001 000000170724 003 CaOOAMICUS 005 20221114124136.0 008 080407s1923 it u000 u ita u 040 $aSeMil$bita 245 10$aCanti 1.-2. 300 $aLXXIII, 238 p., con un ritratto. 490 0 $aBiblioteca sansoniana straniera ;$v37 773 0 $aByron, George Gordon <1788-1824>$tAroldo.$dFirenze : Sansoni, 1923.$gVol.1$w()19401 830 0$aBiblioteca sansoniana straniera ;$v37.$0(OLS)http://semarc/title/19727 850 $aSeMil 852 $aSeMil$W1$xVenegono$y1$m1W I 40$j121607$B121607$CSeMilBibl$Z2$F132945 $81 996 $6245$aCanti 1.-2$9(OLS)http://semarc/title/244200 LEADER 00746nam a2200205 i 4500 001 000000188589 003 CaOOAMICUS 005 20100414000000.0 008 100414s2006 it u000 u ita u 013 $a166804 040 $aSeMil$bita 245 10$aOttobre. 260 $aCinisello Balsamo :$bSan Paolo,$c2006. 300 $a144 p. :$bin gran parte ill. ;$c28 cm. 773 0 $tSanti nella storia.$dCinisello Balsamo : San Paolo, 2006.$g10$w()17380 850 $aSeMil 852 $aSeMil$W1$xVenegono$y1$mSL1.S VII 50$j139228$B139228$CSeMilBibl$Z2$F150830 $8I 961 $aAcquisto: San Paolo (Agente) 996 $6245$aOttobre$9(OLS)http://semarc/title/271415 996 $6260$aCinisello Balsamo :$bSan Paolo$9(OLS)http://semarc/publisher/30129